|
|
|
|
| LEADER |
00000nam0a2200000 4500 |
| 001 |
18275 |
| 005 |
20231101205207.0 |
| 010 |
|
|
|a 5250007503
|
| 035 |
|
|
|a (RuTPU)RU\TPU\book\18424
|
| 035 |
|
|
|a BOOK00018493
|
| 090 |
|
|
|a 18275
|
| 100 |
|
|
|a 20011209d1990 m y0rusy50 ca
|
| 101 |
0 |
|
|a rus
|
| 102 |
|
|
|a RU
|
| 105 |
|
|
|a y z 000zd
|
| 200 |
1 |
|
|a Путешествие в Русскую Америку
|f Г. Б. Башкирова, Г. В. Васильев
|
| 210 |
|
|
|a Москва
|c Политиздат
|d 1990
|
| 215 |
|
|
|a 334 с.
|
| 517 |
1 |
|
|a Рассказы о судьбах эмиграции
|
| 600 |
|
1 |
|a Леонтьев
|g Василий Васильевич
|b В. В.
|c американский экономист российского происхождения
|c нобелевский лауреат
|f 1906-1999
|2 stltpui
|3 (RuTPU)RU\TPU\pers\1123
|
| 600 |
|
1 |
|a Шемякин
|b М. М.
|c русский художник
|f 1943 -
|g Михаил Михайлович
|2 stltpush
|3 (RuTPU)RU\TPU\pers\13121
|9 3805
|
| 610 |
1 |
|
|a политика
|
| 610 |
1 |
|
|a Россия
|
| 610 |
1 |
|
|a США
|
| 610 |
1 |
|
|a Америка
|
| 610 |
1 |
|
|a русские эмигранты
|
| 686 |
|
|
|a Ф3(7США)6
|v LBC/SL-A
|2 rubbk
|
| 700 |
|
1 |
|a Башкирова
|b Г. Б.
|g Галина Борисовна
|
| 701 |
|
1 |
|a Васильев
|b Г. В.
|g Геннадий Владимирович
|
| 801 |
|
0 |
|a RU
|b 63413507
|c 20011209
|g PSBO
|
| 801 |
|
2 |
|a RU
|b 63413507
|c 20110804
|g PSBO
|
| 942 |
|
|
|c BK
|